| 000 | 01114nam a2200337 a 4500 | ||
|---|---|---|---|
| 001 | 22724 | ||
| 003 | SK-KTurca | ||
| 005 | 20260421153622.0 | ||
| 008 | 950616s1990 xo a j 000 1 slo c | ||
| 020 |
_a8006000735 _c50.00 |
||
| 035 | _aUKB000059091 | ||
| 040 |
_aBAA001 _bslo _cBAA001 _eAACR2 |
||
| 041 | 1 |
_aslo _hrus |
|
| 044 |
_axo _cSK |
||
| 080 | _a398.2(478.9) | ||
| 080 | _a859.2-93 BOTEZATU,G. | ||
| 100 | 1 | _aBotezatu, Grigore | |
| 245 | 1 | 0 |
_aKrásna Ileana _bmoldavské ľudové rozprávky _czap. a lit. sprac. Grigore Botezatu ; z rus. prameňa vybr. a voľne prel. Michal Príbus ; dosl. a vysvetl. nap. Elena Slobodová ; ilustr. Ján Lengyel |
| 260 |
_aBratislava _bMladé letá _c1990 |
||
| 300 |
_a235 s. _bil. |
||
| 490 | 1 | _aZ rozprávky do rozprávky | |
| 500 | _aPre čitateľov od 9 rokov | ||
| 500 | _aFrontsp. | ||
| 653 | _a398.2(478.9) | ||
| 653 | _a859.2-93 BOTEZATU,G. | ||
| 700 | 1 |
_aPríbus, Michal, _d1912-1995 _4com _4trl |
|
| 700 | 1 |
_aSlobodová, Elena _4aft _4cwt |
|
| 700 | 1 |
_aLengyel, Ján, _d1947- _4ill |
|
| 830 | 0 | _aZ rozprávky do rozprávky | |
| 942 |
_2ddc _cKLDE _n0 |
||
| 999 |
_c22724 _d22724 |
||